000 00395cam a22001217a 4500
008 180718b-- xxu||||| |||| 00| 0 eng d
082 _aL806x54521 F
245 _aFinance accounts, Puducherry
260 _aPuducherry
_bFinance Department
_c--
500 _aState name changed from Pondicherry
650 _aFinance, Public - Auditing - India - Puducherry
700 _aPuducherry. Finance Department
999 _c486076
_d486076